No dinners for doggies (Record no. 73544)

MARC details
000 -LEADER
fixed length control field 01477cam a2200217 4500
001 - CONTROL NUMBER
control field ABS67033
008 - FIXED-LENGTH DATA ELEMENTS--GENERAL INFORMATION
fixed length control field 031002n2003 000 0 eng u
035 ## - SYSTEM CONTROL NUMBER
System control number (Sirsi) u123827
100 ## - MAIN ENTRY--PERSONAL NAME
Personal name Parisotti, M.
245 ## - TITLE STATEMENT
Title No dinners for doggies
260 ## - PUBLICATION, DISTRIBUTION, ETC.
Date of publication, distribution, etc. 2003
490 ## - SERIES STATEMENT
Series statement Building
Volume/sequential designation 268(8298) 5 September 2003, 49(1)
520 ## - SUMMARY, ETC.
Summary, etc. Discusses the case "Aqua Design and Play International Ltd and another v Kier Regional Ltd" ([2002] EWCA Civ 797, X12140) in the context of the "contra proferentum" rule where there is doubt over the meaning of contractual terms. Here, K was appointed to fit out a health and fitness centre, subcontractors were appointed, then H became insolvent. Under K's subcontracts, there was a pay when paid clause but as K made its own amendments to the DOM/1 conditions it announced it wouldn't be paying out to the subcontractors. They however implied that DOM/1 incorporated all the published corrections so the pay when paid clause should be deemed to be deleted. K took the case to CA but the judges took a different view and decided that the "contra proferentum" did not apply here and should not be brought out at the first hint of ambiguity. (See also Abs64856 and Abs64856).
590 ## - LOCAL NOTE (RLIN)
Local note ABS
650 ## - SUBJECT ADDED ENTRY--TOPICAL TERM
Topical term or geographic name entry element CONTRA PROFERENTUM
650 ## - SUBJECT ADDED ENTRY--TOPICAL TERM
Topical term or geographic name entry element AQUA DESIGN AND PLAY INTERNATIONAL LTD AND ANOTHER V KIER REGIONAL LTD
650 ## - SUBJECT ADDED ENTRY--TOPICAL TERM
Topical term or geographic name entry element DOM/1
650 ## - SUBJECT ADDED ENTRY--TOPICAL TERM
Topical term or geographic name entry element CONTRACTUAL TERMS
690 ## - LOCAL SUBJECT ADDED ENTRY--TOPICAL TERM (OCLC, RLIN)
Topical term or geographic name as entry element BUILT ENVIRONMENT-BUILDING CONTRACT FORMS
942 ## - ADDED ENTRY ELEMENTS (KOHA)
Suppress in OPAC 0
Holdings
Withdrawn status Lost status Source of classification or shelving scheme Damaged status Not for loan Home library Current library Shelving location Date acquired Total Checkouts Full call number Barcode Date last seen Copy number Price effective from Koha item type
    Dewey Decimal Classification     London London Journal article 02/10/2003   ABS67033 123827-1001 06/08/2019 1 06/08/2019 Journal article